000 00510nam a2200193Ia 4500
005 20240823052553.0
008 240823s9999||||xx |||||||||||||| ||und||
020 _a978-81-8209-252-5
041 _aENGLISH
082 _A511.3 P9
100 _aSantha S
245 0 _aTransforms and Partial Differential Equations
250 _a1st
260 _c2009
_bVijay Nicole Imprints Private Li
500 _aTRANSFERED
650 _aPartial Differential Equations
_bMathematics
942 _cBK
999 _c222181
_d222181